Ohio River environmental assessment, cultural resources reconnaissance report, Ohio /

Bibliographic Details
Corporate Author: United States. Army. Corps of Engineers. Huntington District
Format: Book
Language:English
Published: [Huntington, W.Va.] : Army Engineer District, Huntington, 1978.
Subjects:

MARC

Tag First Indicator Second Indicator Subfields
LEADER 00000cam a2200000 i 4500
001 in00000026076
005 20151007055810.0
008 781005s1978 wvub b f00010 eng d
035 |a (OCoLC)04265584 
035 |9 AAB9290AM 
040 |a AED  |c AED  |d m/c  |d TXA  |d UtOrBLW 
043 |a n-us-oh 
049 |a TXAM  |c [A11651277] 
050 4 |a F493  |b .U5 1978 
110 1 |a United States.  |b Army.  |b Corps of Engineers.  |b Huntington District. 
245 1 0 |a Ohio River environmental assessment, cultural resources reconnaissance report, Ohio /  |c prepared by Huntington District, Corps of Engineers, U.S. Army Corps of Engineers. 
264 1 |a [Huntington, W.Va.] :  |b Army Engineer District, Huntington,  |c 1978. 
300 |a 180, 14 pages :  |b map ;  |c 27 cm. 
336 |a text  |b txt  |2 rdacontent 
337 |a unmediated  |b n  |2 rdamedia 
338 |a volume  |b nc  |2 rdacarrier 
500 |a "January 1978." 
500 |a Cover title. 
504 |a Includes bibliographies. 
651 0 |a Ohio  |x Antiquities. 
650 0 |a Archaeological surveying  |z Ohio. 
999 |a MARS 
999 f f |s 8a15e224-9ece-3bd9-8cc5-6fb584ccf264  |i f5e52bf6-c6fc-3027-a748-27e9539eddaf  |t 0 
952 f f |p ric  |a Texas A&M University  |b Rellis Campus  |c Joint Library Facility  |d Remote Storage  |t 0  |e F493 .U5 1978  |h Library of Congress classification  |i unmediated -- volume  |m A14811651277 
998 f f |a F493 .U5 1978  |t 0  |l Remote Storage